Programación estructurada: Raptor y Lenguaje C

Enregistré dans:
Détails bibliographiques
Auteur principal: Domínguez Vera, Edgar Danilo (Auteur)
Format: Livre
Langue:espagnol
Publié: Cuernavaca Alfaomega 2014
Édition:1a. ed
Sujets:
Tags: Ajouter un tag
Pas de tags, Soyez le premier à ajouter un tag!

MARC

LEADER 00000cam a2200000 a 4500
001 UCD0965
003 CL-VaPUC
008 151231e20140000mx |||||||||||||||||spa|d
020 |a 9786076221686 
082 0 4 |a 005.133  |b DOM  |2 21 
100 0 |a Domínguez Vera, Edgar Danilo  |e author  |9 584015 
245 1 0 |a Programación estructurada: Raptor y Lenguaje C 
250 |a 1a. ed 
300 |a 296 p 
942 |c BK 
945 |d 20151231 00:35:00  |a dcastane 
260 |a Cuernavaca  |b Alfaomega  |c 2014 
650 0 |a Programación de computadores   |9 259531 
650 0 |a Lenguajes de programación   |9 259458 
650 7 |a LENGUAJE C  |2 CL-VaPUC  |9 447547 
650 0 |a Estructuras de datos (Informática)  |9 260607 
583 |a last modification  |c 20151231 00:35:00  |k Rodrigo Vera 
999 |c 362397  |d 362395 
952 |0 0  |1 0  |3 erb  |4 0  |6 005_133000000000000_DOM_2014  |7 0  |8 A  |9 473572  |a BIBING  |b BIBING  |i 5259150  |o 005.133 DOM 2014  |p 5259150  |r 2025-01-20  |w 2019-11-24  |y BK  |z Catalogado en:20151231  |k CCI 
952 |0 0  |1 0  |3 erb  |4 0  |6 005_133000000000000_DOM_2014  |7 0  |8 A  |9 473573  |a BIBING  |b BIBING  |i 5259142  |o 005.133 DOM 2014  |p 5259142  |r 2025-01-20  |w 2019-11-24  |y BK  |z Catalogado en:20151231  |k CCI 
952 |0 0  |1 0  |3 erb  |4 0  |6 005_133000000000000_DOM_2014  |7 0  |8 A  |9 473574  |a BIBING  |b BIBING  |i 5259134  |o 005.133 DOM 2014  |p 5259134  |r 2025-01-20  |w 2019-11-24  |y BK  |z Catalogado en:20151231  |k CCI 
952 |0 0  |1 0  |3 erb  |4 0  |6 005_133000000000000_DOM_2014  |7 0  |8 A  |9 473575  |a BIBING  |b BIBING  |i 5259126  |o 005.133 DOM 2014  |p 5259126  |r 2025-01-20  |w 2019-11-24  |y BK  |z Catalogado en:20151231  |k CCI 
952 |0 0  |1 0  |3 erb  |4 0  |6 005_133000000000000_DOM_2014  |7 0  |8 A  |9 473576  |a BIBING  |b BIBING  |i 5259118  |o 005.133 DOM 2014  |p 5259118  |r 2025-01-20  |w 2019-11-24  |y BK  |z Catalogado en:20151231  |k CCI